Science - Biology | 2 | 6 | 0 | 0 | 90 | 61 | 95.88 | 0 | 0 |
Science - Physics | 1 | 7 | 0 | 0 | 85 | 53 | 87.75 | 0 | 0 |
Literature - American | 2 | 5 | 0 | 0 | 80 | 48 | 95.29 | 1 | 1 |
Literature - World and Miscellaneous | 2 | 3 | 0 | 0 | 60 | 54 | 93.00 | 1 | 1 |
Science - Chemistry | 0 | 6 | 0 | 0 | 60 | 86 | 106.17 | 0 | 0 |
Fine Arts - Painting | 1 | 4 | 0 | 0 | 55 | 65 | 100.40 | 0 | 0 |
History - American | 1 | 4 | 0 | 0 | 55 | 56 | 83.00 | 0 | 1 |
Literature - British | 0 | 5 | 0 | 0 | 50 | 85 | 116.60 | 0 | 0 |
Literature - European | 2 | 2 | 0 | 0 | 50 | 57 | 93.00 | 1 | 1 |
Social Science - Psychology | 1 | 3 | 0 | 0 | 45 | 32 | 67.50 | 1 | 1 |
Other - Other Academic and General Knowledge | 1 | 3 | 0 | 0 | 45 | 64 | 90.00 | 0 | 0 |
History - World | 0 | 4 | 0 | 0 | 40 | 111 | 118.75 | 0 | 0 |
History - Cross, Historiography, and Miscellaneous | 1 | 2 | 0 | 0 | 35 | 35 | 83.33 | 0 | 0 |
RMP - World Mythology | 0 | 3 | 0 | 0 | 30 | 69 | 92.67 | 0 | 0 |
RMP - East Asian Religion | 2 | 0 | 0 | 0 | 30 | 35 | 54.00 | 0 | 1 |
Science - Engineering and Miscellaneous | 0 | 2 | 0 | 0 | 20 | 62 | 78.50 | 0 | 0 |
RMP - Philosophy | 0 | 2 | 0 | 0 | 20 | 82 | 85.50 | 0 | 0 |
Science - Computer Science | 0 | 2 | 0 | 0 | 20 | 66 | 90.00 | 0 | 0 |
Fine Arts - Music | 0 | 2 | 0 | 0 | 20 | 82 | 89.00 | 0 | 0 |
RMP - Greco-Roman Mythology | 0 | 2 | 0 | 0 | 20 | 76 | 102.50 | 0 | 0 |
Social Science - Sociology | 0 | 1 | 0 | 0 | 10 | 76 | 76.00 | 0 | 0 |
Fine Arts - Ballet/Dance | 0 | 1 | 0 | 0 | 10 | 69 | 69.00 | 0 | 0 |
Fine Arts - Jazz | 0 | 1 | 0 | 0 | 10 | 118 | 118.00 | 0 | 0 |
Fine Arts - Miscellaneous | 0 | 1 | 0 | 0 | 10 | 113 | 113.00 | 0 | 0 |
Fine Arts - Opera | 0 | 1 | 0 | 0 | 10 | 111 | 111.00 | 0 | 0 |
Fine Arts - Sculpture | 0 | 1 | 0 | 0 | 10 | 104 | 104.00 | 0 | 0 |
Geography - Europe | 0 | 1 | 0 | 0 | 10 | 83 | 83.00 | 0 | 0 |
History - European | 0 | 1 | 0 | 0 | 10 | 102 | 102.00 | 0 | 0 |
RMP - Buddhism | 0 | 1 | 0 | 0 | 10 | 75 | 75.00 | 0 | 0 |
RMP - Hebrew Bible | 0 | 1 | 0 | 0 | 10 | 130 | 130.00 | 0 | 0 |
Science - Earth | 0 | 1 | 0 | 0 | 10 | 97 | 97.00 | 0 | 0 |
Social Science - Linguistics | 0 | 1 | 0 | 0 | 10 | 65 | 65.00 | 0 | 0 |
Social Science - Other | 0 | 1 | 0 | 0 | 10 | 86 | 86.00 | 0 | 0 |
Geography - World | 0 | 0 | 0 | 0 | 0 | | 0.00 | 0 | 0 |
Geography - United States | 0 | 0 | 0 | 0 | 0 | | 0.00 | 0 | 0 |
Current Events - U.S. | 0 | 0 | 0 | 0 | 0 | | 0.00 | 0 | 0 |
Science - Astronomy | 0 | 0 | 0 | 0 | 0 | | 0.00 | 0 | 0 |
Science - Math | 0 | 0 | 0 | 0 | 0 | | 0.00 | 0 | 0 |